Online
Catalog

Memorias del primer Seminario Nacional "Farmacéutico y Salud" Pública" / (Record no. 27263)

MARC details
000 -CABECERA
campo de control de longitud fija 00832nam a2200181 a 4500
001 - NÚMERO DE CONTROL
campo de control 000027771
005 - FECHA Y HORA DE LA ÚLTIMA TRANSACCIÓN
campo de control 20200930031101.0
040 ## - FUENTE DE LA CATALOGACIÓN
Centro catalogador/agencia de origen DO-SdBNP
Lengua de catalogación spa
Centro/agencia transcriptor BNPHU
082 ## - NÚMERO DE LA CLASIFICACIÓN DECIMAL DEWEY
Número de clasificación xxxx
Número de documento/Ítem S471
049 ## - FONDOS LOCALES (OCLC)
Fondos de biblioteca BNPD
111 2# - ENTRADA PRINCIPAL--NOMBRE DE CONGRESO/REUNIÓN
Nombre de congreso/reunión o jurisdicción como elemento de entrada Seminario-Taller "Farmacéutico y Salud Pública"
Número del congreso/reunión o número de parte o sección (1er. :
Fecha del congreso/reunión 1990 , dic. 5-7
Sede del congreso/Lugar de la reunión Santo Domingo)
9 (RLIN) 54846
108 ## -
-- 110404s1991 dr 000 0 spa d
245 10 - MENCIÓN DE TÍTULO
Título Memorias del primer Seminario Nacional "Farmacéutico y Salud" Pública" /
Mención de responsabilidad, etc. editado por Modesta Jorge de Corral , José Antonio Pagés.
260 ## - PUBLICACIÓN, DISTRIBUCIÓN, ETC.
Lugar de publicación, distribución, etc. Santo Domingo :
Nombre del editor, distribuidor, etc. Sociedad Dominicana de Farmacéuticos de Hospitales :
-- Asociación Farmacéutica Dominicana :
-- Organización Panamericana de la Salud (OPS),
Fecha de publicación, distribución, etc. 1991.
300 ## - DESCRIPCIÓN FÍSICA
Extensión 144 p. ;
Dimensiones 28 cm.
700 1# - PUNTO DE ACCESO ADICIONAL--NOMBRE DE PERSONA
Nombre de persona Jorge de Corral, Modesta
Término indicativo de función/relación ed.
9 (RLIN) 54847
700 1# - PUNTO DE ACCESO ADICIONAL--NOMBRE DE PERSONA
Nombre de persona Pagés, José Antonio
Término indicativo de función/relación ed.
9 (RLIN) 54848
Holdings
Estado de retiro Estado de pérdida Restricciones de uso No para préstamo Código de colección Localización permanente Ubicación/localización actual Ubicación en estantería Fecha de adquisición Número de inventario Total de préstamos Signatura topográfica completa Código de barras Fecha visto por última vez Precio válido a partir de Tipo de ítem Koha Número de copia
      Excluido de préstamo Monografías: Libros y Folletos Patrimonio Dominicano Patrimonio Dominicano En catalogación 04.04.2011 LF1   xxxx S471 27771-10 25.06.2020 25.06.2020 No se presta  
      Excluido de préstamo Monografías: Libros y Folletos Patrimonio Dominicano Patrimonio Dominicano En catalogación 04.04.2011 LF1   xxxx S471 27771-20 25.06.2020 25.06.2020 No se presta e. 2

Powered by Koha